Logo BPK

Biblioteka

Politechniki Koszalińskiej

Laboratoryjna obróbka filmu amatorskiego / (Rekord nr 7757)

Szczegóły MARC
000 -ETYKIETA REKORDU
podpole kontrolne o stałej długości 00426nam a2200157 i 4500
001 - NUMER KONTROLNY REKORDU
pole kontrolne bg
040 ## - ŹRÓDŁO KATALOGOWANIA
Instytucja, która utworzyła rekord BPK
041 0# - KOD JĘZYKA
Kod języka tekstu pol
080 ## - UNIWERSALNA KLASYFIKACJA DZIESIĘTNA - UKD
UKD 778.5
008 - POLE O STAŁEJ DŁUGOŚCI - DANE KONTROLNE
podpole kontrolne o stałej długości s pl f |000 0 pol
100 1# - NAZWA OSOBOWA
Nazwa osobowa PIECHURA, Jan
245 10 - TYTUŁ/ODPOWIEDZIALNOŚĆ
Tytuł Laboratoryjna obróbka filmu amatorskiego /
Pozostałe elementy strefy tytułu i oznaczenia odpowiedzialności Jan Piechura.
260 ## - STREFA ADRESU WYDAWNICZEGO
Miejsce wydania Warszawa :
Nazwa wydawcy/dystrybutora Centralna Poradnia Amatorskiego Ruchu Artystycznego,
Data publikacji, dystrybucji/powstania dokumentu 1968.
650 #9 - HASŁO PRZEDMIOTOWE W FORMIE NAZWY OGÓLNEJ LUB JEDNOSTKOWEJ
Nazwa ogólna lub geograficzna Kinematografia
856 ## - LOKALIZACJA I DOSTĘP DO ELEKTRONICZNYCH DOKUMENTÓW ZDALNYCH
Link (URL) http://koha.tu.koszalin.pl/cgi-bin/koha/opac-detail.pl?biblionumber=7757
Tekst linku Katalog online BPK
942 ## - DODATKOWE ELEMENTY (KOHA)
Typ dokumentu Książka
Egzemplarze
Wycofany Status egzemplarza Uszkodzony Dostępność Lokalizacja stała Lokalizacja bieżąca Miejsce przechowywania Sygnatura Kod kreskowy Ostatnio wypożyczono Typ dokumentu
      Dostępny Biblioteka Politechniki Koszalińskiej Biblioteka Politechniki Koszalińskiej Wypożyczalnia BG S 227 02327839 09.06.2020 Książka
© 2023 Biblioteka Politechniki Koszalińskiej :: KOHA